000 00586nam 22002053 4500
001 201465
010 _a972-689-222-8
021 _aPT
_b197433/03
090 _a201465
100 _a20260323d u||y0pory50 ba
200 _aIlhas conforme as circunstâncias
_fUrbano Bettencourt
210 _aLisboa
_cSalamandra
_dimp. 2003
215 _a190 p.
_cbrochado
_d21 cm
225 _aGarajau
_h101
606 _93661
_aCrítica Literária.Estudos Literários
675 _a82.09
_vPT
_zpor
700 _914893
_aBettencourt
_bUrbano
_f1949-
801 _aPT
_bBMMN
_gRPC
830 _cVanda
990 _cLIVROS